Elementary mechanics of solids (Record no. 4447)

000 -LEADER
fixed length control field 00558nam a2200217 a 4500
001 - CONTROL NUMBER
control field 4447
003 - CONTROL NUMBER IDENTIFIER
control field BD-DhUET
008 - FIXED-LENGTH DATA ELEMENTS--GENERAL INFORMATION
fixed length control field 810420t19811980nyua b 001 0 eng
020 ## - INTERNATIONAL STANDARD BOOK NUMBER
International Standard Book Number 085226819X
040 ## - CATALOGING SOURCE
Original cataloging agency DLC
Transcribing agency DLC
Modifying agency BD-DhUET
082 ## - DEWEY DECIMAL CLASSIFICATION NUMBER
Classification number 531
Item number SIN/1980
100 ## - MAIN ENTRY--PERSONAL NAME
Personal name Singh, Pashupati Nath
245 10 - TITLE STATEMENT
Title Elementary mechanics of solids
250 ## - EDITION STATEMENT
Edition statement 1st ed.
260 ## - PUBLICATION, DISTRIBUTION, ETC. (IMPRINT)
Place of publication, distribution, etc. New Delhi
Name of publisher, distributor, etc. Wiley Eastern
Date of publication, distribution, etc. 1980
300 ## - PHYSICAL DESCRIPTION
Extent xvi, 616p.
Other physical details ill.
504 ## - BIBLIOGRAPHY, ETC. NOTE
Bibliography, etc Includes bibliographies
650 #0 - SUBJECT ADDED ENTRY--TOPICAL TERM
Topical term or geographic name as entry element Mechanics of solids
700 ## - ADDED ENTRY--PERSONAL NAME
Personal name Jha, Prem Kumar
942 ## - ADDED ENTRY ELEMENTS (KOHA)
Koha item type General Book
Holdings
Source of classification or shelving scheme Piece designation (barcode) Withdrawn status Copy number Date acquired Price effective from Koha normalized classification for sorting Damaged status Not for loan Koha item type Koha full call number Koha date last seen Lost status Sublocation or collection (holding branch) Shelving location Location (home branch)
 59249 12014-11-162014-11-16531_000000000000000_SIN_1980  General Book531/SIN/19802014-11-16 Central Library, BUETCirculation sectionCentral Library, BUET
 59250 22015-03-102015-03-10531_000000000000000_SIN_1980  General Book531/SIN/19802015-03-10 Central Library, BUETCirculation sectionCentral Library, BUET
 59252 32015-03-102015-03-10531_000000000000000_SIN_1980  General Book531/SIN/19802015-03-10 Central Library, BUETCirculation sectionCentral Library, BUET
 59245 42015-03-102015-03-10531_000000000000000_SIN_1980  General Book531/SIN/19802015-03-10 Central Library, BUETCirculation sectionCentral Library, BUET
 59246 52015-03-102015-03-10531_000000000000000_SIN_1980  General Book531/SIN/19802015-03-10 Central Library, BUETCirculation sectionCentral Library, BUET
   62015-03-112015-03-11531_000000000000000_SIN_1980  General Book531/SIN/19802015-03-11 Central Library, BUET Central Library, BUET
 59248 72015-03-112015-03-11531_000000000000000_SIN_1980  General Book531/SIN/19802015-03-11 Central Library, BUETCirculation sectionCentral Library, BUET
 57348 82015-03-112015-03-11531_000000000000000_SIN_1980  General Book531/SIN/19802015-03-11 Central Library, BUETCirculation sectionCentral Library, BUET
 55367 92015-03-222015-03-22531_000000000000000_SIN_1980  General Book531/SIN/19802016-03-27 Central Library, BUETCirculation sectionCentral Library, BUET
 59244 102015-06-082015-06-08531_000000000000000_SIN_1980  Reading Item531/SIN/19802015-06-08 Central Library, BUETReading sectionCentral Library, BUET
 59243 112015-06-082015-06-08531_000000000000000_SIN_1980  Reading Item531/SIN/19802015-06-08 Central Library, BUETReading sectionCentral Library, BUET